Métodos instrumentales de análisis (Registro nro. 7900)

Detalles MARC
000 -CABECERA
Campo de control interno 01821nam a2200241Ia 4500
008 - ELEMENTOS DE LONGITUD FIJA - INFORMACIÓN GENERAL
Campo de control de longitud fija 260220t1967||||xx |||||||||||||| ||spa||
040 ## - FUENTE DE CATALOGACIÓN
Agencia de catalogación original PY-SlUNAC
Idioma de catalogación spa
Convenciones de descripción rda
041 ## - CÓDIGO DE IDIOMA
Código de idioma para texto/pista de sonido o título separado spa
082 ## - NÚMERO DE CLASIFICACIÓN DECIMAL DEWEY
Clasificación Decimal Dewey (CDD) 543.085
Clasificación Expansiva de Cutter (EC) M567m
245 #0 - TÍTULO
Título Métodos instrumentales de análisis
250 ## - MENCIÓN DE EDICIÓN
Mención de edición Cuarta edición
264 ## - PIE DE IMPRENTA
Lugar Ciudad de México :
Editorial Continental,
Año ℗1967.
300 ## - DESCRIPCIÓN FÍSICA
Páginas 1 volumen
520 ## - NOTA DE RESUMEN
Nota de resumen El libro "Métodos instrumentales de análisis", publicado en 1967 por Continental en Ciudad de México, presenta una revisión exhaustiva de las técnicas modernas utilizadas en el análisis químico. A lo largo de sus capítulos, se abordan diversas metodologías instrumentales, incluyendo espectroscopía, cromatografía y electroquímica, destacando su aplicación en la investigación científica y la industria. El texto enfatiza la importancia de la precisión y la exactitud en los resultados analíticos, así como la necesidad de un enfoque sistemático en la selección de métodos según las características de las muestras. Además, se incluyen ejemplos prácticos y estudios de caso que ilustran la implementación de estos métodos en situaciones reales. A través de un lenguaje accesible y detallado, el autor busca no solo informar sobre las técnicas existentes, sino también fomentar la comprensión crítica y la capacidad de evaluación de los instrumentos, promoviendo así el avance del análisis químico en diversas disciplinas. Este libro se convierte en una referencia clave para estudiantes e investigadores en el campo.
653 ## - MATERIA - TÉRMINO TEMÁTICO NO CONTROLADO (PALABRAS CLAVE)
Materia - término temático no controlado (palabras clave) Instrumentación
653 ## - MATERIA - TÉRMINO TEMÁTICO NO CONTROLADO (PALABRAS CLAVE)
Materia - término temático no controlado (palabras clave) Métodos de análisis
653 ## - MATERIA - TÉRMINO TEMÁTICO NO CONTROLADO (PALABRAS CLAVE)
Materia - término temático no controlado (palabras clave) Química analítica
942 ## - ELEMENTOS PERSONALIZADOS (KOHA)
Fecha catalogación 2026/02/17
Tipo de documento Libros
Existencias
Fuente de Clasificacion Colección Ubicacion permanente Biblioteca actual Fecha de Ingreso a la Biblioteca Origen de adquisición Enumeración en serie / cronología Código de ubicación Código de barras Tipo de Item KOHA Nota pública
Dewey Decimal Classification Colección General (CG) Biblioteca e Internet, Facultad de Ciencias Exactas y Naturales Biblioteca e Internet, Facultad de Ciencias Exactas y Naturales 02/20/2026 Donación 4aEd. 543.085 M567m CG1260 Libros Material disponible en la Biblioteca e Intenet, Campus UNA, San Lorenzo.